| 000 | 00936pam a2200289 i 4500 | ||
|---|---|---|---|
| 001 | 1261539 | ||
| 003 | Ke-BoTe | ||
| 005 | 20220427102330.0 | ||
| 008 | 750121s1975 pau p 000 0 eng | ||
| 010 | _a 74021014 | ||
| 020 | _a0721653421 | ||
| 040 |
_aDLC _cDLC _dDLC |
||
| 050 | 1 | 0 |
_aRS57 _b.K4 1975 |
| 060 | _aQV16 K24d | ||
| 082 | 0 | 0 | _a615/.4/01513 |
| 100 | 1 |
_aKeane, Claire Brackman. _93698 |
|
| 245 | 1 | 0 |
_aDrugs & solutions : _ba programed introduction / _cClaire B. Keane and Sybil M. Fletcher. |
| 250 | _a3d ed. | ||
| 260 |
_aPhiladelphia : _bSaunders, _c1975. |
||
| 300 |
_axvi, 245 p. ; _c18 cm. |
||
| 650 | 0 |
_aPharmaceutical arithmetic _xProgrammed instruction. _93428 |
|
| 650 | 2 |
_aMathematics _xProgrammed instruction. _93699 |
|
| 650 | 2 |
_aPharmacy _xProgrammed instruction. _93700 |
|
| 700 | 1 |
_aFletcher, Sybil M., _ejoint author. _93701 |
|
| 906 |
_a7 _bcbc _corignew _d1 _eocip _f19 _gy-gencatlg |
||
| 942 |
_2lcc _cBK _n0 |
||
| 999 |
_c1875 _d1875 |
||